00439nam a2200169Ia 4500999001700000003000400017005001700021008004100038040000900079082001500088100001900103245004800122260003800170300000900208650001500217942003700232 c36189d36189OSt20201216101943.0190216s9999||||xx |||||||||||||| ||und|| coclc a050bMAN/M aManorama97550 0aMalayala Manorama Yearbook 1995 /cManorama bManorama Publishing House,c1995. a640p aReferences cREF2ddch050iMAN/Mk050mMAN/M